000 00640nam a2200217 4500
003 OSt
005 20240726015301.0
006 a
008 240726b |||||||| |||| 00| 0 eng d
020 _a9789712724213
040 _aDWCL-Main lib.
_cOC
082 _aFil. 371.192 L477l 2010
100 _aLee-Chua, Queena N.
245 _aLearning : what parents, students and teachers should know /
260 _aPasig City:
_bAnvil Pub., Inc,
_cc2010.
300 _aviii,
_b208 p. : ill. ;
_c22 cm.
650 _a1. Education-Parent participation.
650 _a2. Parenting.
650 _a3. Teaching.
942 _2ddc
_n0
_cBK - FIL
_kFil.
999 _c2774
_d2774